Loading...
| Current Events | 3 | 16.67 | 100% | 67% | 0% |
| Fine Arts - Classical Music | 5 | 10.00 | 80% | 20% | 0% |
| Fine Arts - Other Fine Arts | 5 | 20.00 | 100% | 60% | 40% |
| Geography | 2 | 15.00 | 100% | 50% | 0% |
| History - American History | 3 | 23.33 | 100% | 100% | 33% |
| History - European History | 4 | 17.50 | 100% | 50% | 25% |
| History - Other History | 5 | 18.00 | 100% | 60% | 20% |
| History - World History | 1 | 10.00 | 100% | 0% | 0% |
| Literature - American Literature | 3 | 10.00 | 67% | 33% | 0% |
| Literature - British Literature | 4 | 12.50 | 75% | 25% | 25% |
| Literature - European Literature | 5 | 10.00 | 100% | 0% | 0% |
| Literature - World Literature | 6 | 15.00 | 100% | 33% | 17% |
| Mythology | 5 | 20.00 | 100% | 40% | 60% |
| Painting/Sculpture | 3 | 16.67 | 100% | 67% | 0% |
| Philosophy | 5 | 20.00 | 100% | 60% | 40% |
| Pop Culture | 5 | 18.00 | 100% | 60% | 20% |
| Religion | 7 | 14.29 | 86% | 57% | 0% |
| Science - Biology | 8 | 21.25 | 100% | 88% | 25% |
| Science - Chemistry | 3 | 16.67 | 100% | 67% | 0% |
| Science - Other Science | 6 | 11.67 | 83% | 33% | 0% |
| Science - Physics | 5 | 16.00 | 100% | 60% | 0% |
| Social Science | 5 | 18.00 | 100% | 60% | 20% |